|
|
|
|
| LEADER |
00000caa a2200000 c 4500 |
| 001 |
1923502565 |
| 003 |
DE-627 |
| 005 |
20250908161426.0 |
| 007 |
tu |
| 008 |
250423s2025 xx ||||| 00| ||ger c |
| 020 |
|
|
|a 9783103977080
|
| 035 |
|
|
|a (DE-627)1923502565
|
| 035 |
|
|
|a (DE-599)KXP1923502565
|
| 040 |
|
|
|a DE-627
|b ger
|c DE-627
|e rda
|
| 041 |
|
|
|a ger
|
| 100 |
1 |
|
|a Furmaniak, Angela
|e VerfasserIn
|4 aut
|
| 245 |
1 |
0 |
|a Kein Platzverweis für rechtsextremen Verein
|b der vergebliche Versuch, einen von Rechtsextremen dominierten Verein aus dem Fußballverband Sachsen-Anhalt auszuschließen
|c von Angela Furmaniak
|
| 264 |
|
1 |
|c 2025
|
| 336 |
|
|
|a Text
|b txt
|2 rdacontent
|
| 337 |
|
|
|a ohne Hilfsmittel zu benutzen
|b n
|2 rdamedia
|
| 338 |
|
|
|a Band
|b nc
|2 rdacarrier
|
| 773 |
0 |
8 |
|i Enthalten in
|t Recht gegen rechts ; 2025
|b Originalausgabe
|d Frankfurt am Main : S. Fischer, 2025
|g (2025), Seite 231-237
|h 251 Seiten
|w (DE-627)1906688133
|z 9783103977080
|z 3103977085
|
| 773 |
1 |
8 |
|g year:2025
|g pages:231-237
|
| 935 |
|
|
|a rexa
|
| 951 |
|
|
|a AR
|
| ELC |
|
|
|b 1
|
| ORI |
|
|
|a SA-MARC-krimdok_oa001.raw
|